| 000 | 00509nam a2200217Ia 4500 | ||
|---|---|---|---|
| 003 | OSt | ||
| 005 | 20140407094723.0 | ||
| 008 | 140130s9999 xx 000 0 und d | ||
| 020 | _a051623854X | ||
| 050 |
_aSF 395.5 _b.M53 2000 |
||
| 100 | _aMiller, Heather | ||
| 245 |
_aMy pigs / _cHeather Miller. |
||
| 260 |
_bScholastic, _c2000. _aNew York : |
||
| 300 |
_a24 p. : _bcol. ill. ; _c10 cm. |
||
| 440 | _v1 | ||
| 521 | _aBR | ||
| 526 | _cBR | ||
| 942 |
_cBK _2lcc |
||
| 999 |
_c42093 _d42093 |
||